From Language Learner to Language Teacher: An Introduction to Teaching English as a Foreign Language (Record no. 5014)

MARC details
005 - DATE AND TIME OF LATEST TRANSACTION
control field 20250625104944.0
020 ## - INTERNATIONAL STANDARD BOOK NUMBER
International Standard Book Number 978-193118538-7
082 ## - DEWEY DECIMAL CLASSIFICATION NUMBER
Classification number 425 SNO
100 ## - MAIN ENTRY--PERSONAL NAME
Author name SNOW, D
245 ## - TITLE STATEMENT
Title From Language Learner to Language Teacher: An Introduction to Teaching English as a Foreign Language
260 ## - PUBLICATION, DISTRIBUTION, ETC.
Place of publication, distribution, etc. California
Name of publisher, distributor, etc. Teachers of English to Speakers of other Languages
Date of publication, distribution, etc. 2007.
300 ## - PHYSICAL DESCRIPTION
Extent ix,357p.
Other physical details References
Dimensions 27cm
942 ## - ADDED ENTRY ELEMENTS (KOHA)
Source of classification or shelving scheme Dewey Decimal Classification
Koha item type Books
Holdings
Date last seen Total checkouts Full call number Barcode Price effective from Koha item type Lost status Source of classification or shelving scheme Damaged status Not for loan Withdrawn status Home library Current library Shelving location Date acquired Source of acquisition
06/25/2025   425 SNO MZA0002232 06/25/2025 Books   Dewey Decimal Classification       CBE Mwanza CBE Mwanza General Collection 07/31/2017 Library Budget
06/25/2025   425 SNO MZA0002233 06/25/2025 Books   Dewey Decimal Classification       CBE Mwanza CBE Mwanza General Collection 07/31/2017 Library Budget
06/25/2025   425 SNO MZA0002234 06/25/2025 Books   Dewey Decimal Classification       CBE Mwanza CBE Mwanza General Collection 07/31/2017 Library Budget